000 00647nam a2200205Ii 4500
003 JO-AjNU
008 230605s9999||||xx |||||||||||||| ||und||
040 _aJO-AjNU
_bara
_erda
_cJO-AjNU
041 _aara
050 1 4 _aKBP465.N33
100 3 _a النحوي ، عدنان علي رضا ,
_eauthor
_921908
245 0 0 _aالاختلاف بين الوفاق والشقاق
250 _aط1
264 3 1 _aالرياض : دار النحوي ، 2004
300 _a135ص
336 _atext
_btxt
_2rdacontent
337 _aunmediated
_bn
_2rdamedia
338 _avolume
_bnc
_2rdacarrier
650 4 _aالاختلاف ( أصول فقة )
_921909
999 _aA7690
_c11258
_d11258